000 00986cam a2200313 i 4500
001 77734
003 BD-RjUL
005 20211209083021.0
008 741121s1974 nyua b 001 0 eng
035 _a(BD-RjUL)77960
040 _aDLC
_cDLC
_dDLC
_beng
041 _aeng
043 _an-us-id
_an-us-or
_an-us-wa
082 0 0 _a500.97961
_221
_bMOS 1974
100 1 _aMoser, Don.
_9243210
245 1 4 _aThe Snake River country /
_cby Don Moser and the editors of Time-Life Books.
260 _aNew York :
_bTime-Life Books,
_c[1974]
300 _a184 p. :
_bill. (some col.) ;
_c27 cm.
490 0 _aThe American wilderness
500 _aIncludes index.
504 _aBibliography: p. 180.
650 0 _aNatural history
_zSnake River (Wyo.-Wash.)
_9243211
651 0 _aSnake River (Wyo.-Wash.)
_9243212
710 2 _aTime-Life Books.
_9243213
906 _a7
_bcbc
_corignew
_d2
_eopcn
_f19
_gy-gencatlg
942 _2ddc
_cBK
999 _c77734
_d77734